000 00701nam a2200253Ia 4500
003 OSt
005 20220918163250.0
006 a|||||r|||| 00| 0
007 ta
008 220917b |||||||| |||| 00| 0 eng d
020 _a0 460 07601 9
024 _a32,351
037 _cTextual
040 _aARTS
_cARTS
_beng
041 _2eng
_aeng
082 _aO111,3:g, K4
100 _aAllen Walter
_912362
245 0 _aTradition and dream
_b The English and American from the 20s to our time
260 _aLondon
_bJ M Dent UK
_c1964
300 _axxii, 346p.
_ccm.
650 _aENGLISH LITERATURE
942 _hO111,3:g, K4
_cTEXL
_2CC
999 _c118792
_d118792